<?xml version="1.0" encoding="UTF-8"?>
<record
    xmlns:xsi="http://www.w3.org/2001/XMLSchema-instance"
    xsi:schemaLocation="http://www.loc.gov/MARC21/slim http://www.loc.gov/standards/marcxml/schema/MARC21slim.xsd"
    xmlns="http://www.loc.gov/MARC21/slim">

  <leader>00328nam a2200121Ia 4500</leader>
  <controlfield tag="008">150201s2008    xx            000 0 und d</controlfield>
  <datafield tag="082" ind1=" " ind2=" ">
    <subfield code="a">612.015</subfield>
    <subfield code="b">O08M</subfield>
  </datafield>
  <datafield tag="100" ind1=" " ind2=" ">
    <subfield code="a">MAHAPATRA,S</subfield>
  </datafield>
  <datafield tag="245" ind1=" " ind2=" ">
    <subfield code="a">OBJECTIVE QUESTIONS HUMAN BIOCHEMISTRY</subfield>
  </datafield>
  <datafield tag="260" ind1=" " ind2=" ">
    <subfield code="b">NEW CENTRAL BOOK AGENCY</subfield>
    <subfield code="a">KOLKATA</subfield>
    <subfield code="c">2008</subfield>
  </datafield>
  <datafield tag="650" ind1=" " ind2=" ">
    <subfield code="a">BIOCHEMISTRY</subfield>
  </datafield>
  <datafield tag="942" ind1=" " ind2=" ">
    <subfield code="2">ddc</subfield>
    <subfield code="c">BK</subfield>
    <subfield code="0">2</subfield>
  </datafield>
  <datafield tag="952" ind1=" " ind2=" ">
    <subfield code="0">0</subfield>
    <subfield code="1">0</subfield>
    <subfield code="2">ddc</subfield>
    <subfield code="4">0</subfield>
    <subfield code="7">0</subfield>
    <subfield code="8">MEDICAL</subfield>
    <subfield code="a">FM</subfield>
    <subfield code="b">FM</subfield>
    <subfield code="c">TXT</subfield>
    <subfield code="d">2010-02-27</subfield>
    <subfield code="e">U.B.S. DELHI</subfield>
    <subfield code="g">125.00</subfield>
    <subfield code="i">SGTU</subfield>
    <subfield code="l">0</subfield>
    <subfield code="o">612.015 O08M</subfield>
    <subfield code="p">FM3617</subfield>
    <subfield code="r">2015-02-09 00:00:00</subfield>
    <subfield code="w">2010-02-27</subfield>
    <subfield code="y">BK</subfield>
    <subfield code="k">1008</subfield>
  </datafield>
  <datafield tag="952" ind1=" " ind2=" ">
    <subfield code="0">0</subfield>
    <subfield code="1">0</subfield>
    <subfield code="2">ddc</subfield>
    <subfield code="4">0</subfield>
    <subfield code="7">0</subfield>
    <subfield code="8">MEDICAL</subfield>
    <subfield code="a">FM</subfield>
    <subfield code="b">FM</subfield>
    <subfield code="c">TXT</subfield>
    <subfield code="d">2010-02-27</subfield>
    <subfield code="e">U.B.S. DELHI</subfield>
    <subfield code="g">125.00</subfield>
    <subfield code="i">SGTU</subfield>
    <subfield code="l">0</subfield>
    <subfield code="o">612.015 O08M</subfield>
    <subfield code="p">FM3618</subfield>
    <subfield code="r">2015-02-09 00:00:00</subfield>
    <subfield code="w">2010-02-27</subfield>
    <subfield code="y">BK</subfield>
    <subfield code="k">1008</subfield>
  </datafield>
  <datafield tag="952" ind1=" " ind2=" ">
    <subfield code="0">0</subfield>
    <subfield code="1">0</subfield>
    <subfield code="2">ddc</subfield>
    <subfield code="4">0</subfield>
    <subfield code="7">0</subfield>
    <subfield code="8">MEDICAL</subfield>
    <subfield code="a">FM</subfield>
    <subfield code="b">FM</subfield>
    <subfield code="c">TXT</subfield>
    <subfield code="d">2010-02-27</subfield>
    <subfield code="e">U.B.S. DELHI</subfield>
    <subfield code="g">125.00</subfield>
    <subfield code="i">SGTU</subfield>
    <subfield code="l">1</subfield>
    <subfield code="o">612.015 O08M</subfield>
    <subfield code="p">FM3619</subfield>
    <subfield code="r">2024-12-06 00:00:00</subfield>
    <subfield code="s">2024-12-04</subfield>
    <subfield code="w">2010-02-27</subfield>
    <subfield code="y">BK</subfield>
    <subfield code="k">1008</subfield>
  </datafield>
  <datafield tag="952" ind1=" " ind2=" ">
    <subfield code="0">0</subfield>
    <subfield code="1">0</subfield>
    <subfield code="2">ddc</subfield>
    <subfield code="4">0</subfield>
    <subfield code="7">0</subfield>
    <subfield code="8">MEDICAL</subfield>
    <subfield code="a">FM</subfield>
    <subfield code="b">FM</subfield>
    <subfield code="c">TXT</subfield>
    <subfield code="d">2010-02-27</subfield>
    <subfield code="e">U.B.S. DELHI</subfield>
    <subfield code="g">125.00</subfield>
    <subfield code="i">SGTU</subfield>
    <subfield code="l">2</subfield>
    <subfield code="o">612.015 O08M</subfield>
    <subfield code="p">FM3620</subfield>
    <subfield code="r">2024-12-06 00:00:00</subfield>
    <subfield code="s">2024-12-04</subfield>
    <subfield code="w">2010-02-27</subfield>
    <subfield code="y">BK</subfield>
    <subfield code="k">1008</subfield>
  </datafield>
  <datafield tag="952" ind1=" " ind2=" ">
    <subfield code="0">0</subfield>
    <subfield code="1">0</subfield>
    <subfield code="2">ddc</subfield>
    <subfield code="4">0</subfield>
    <subfield code="7">0</subfield>
    <subfield code="8">MEDICAL</subfield>
    <subfield code="a">FM</subfield>
    <subfield code="b">FM</subfield>
    <subfield code="c">TXT</subfield>
    <subfield code="d">2010-02-27</subfield>
    <subfield code="e">U.B.S. DELHI</subfield>
    <subfield code="g">125.00</subfield>
    <subfield code="i">SGTU</subfield>
    <subfield code="l">0</subfield>
    <subfield code="o">612.015 O08M</subfield>
    <subfield code="p">FM3621</subfield>
    <subfield code="r">2015-02-09 00:00:00</subfield>
    <subfield code="w">2010-02-27</subfield>
    <subfield code="y">BK</subfield>
    <subfield code="k">1008</subfield>
  </datafield>
  <datafield tag="999" ind1=" " ind2=" ">
    <subfield code="c">903</subfield>
    <subfield code="d">903</subfield>
  </datafield>
</record>
